| 000 | 00501nam a2200169Ia 4500 | ||
|---|---|---|---|
| 008 | 140925s9999 xx 000 0 und d | ||
| 245 |
_aJournal of business venturing / _h[electronic resource] |
||
| 260 |
_bElsevier B.V., _cc2014. |
||
| 516 | _aElectronic text | ||
| 650 | _aBusiness. | ||
| 650 | _aEntrepreneurship. | ||
| 650 | _aVenturing. | ||
| 830 | _aElsevier B.V. | ||
| 856 | _uhttp://www.journals.elsevier.com/journal-of-business-venturing/ | ||
| 942 | _cEJ | ||
| 999 |
_c275766 _d275766 |
||